Otolaryngology : (Record no. 159656)

MARC details
000 -LEADER
fixed length control field 01688cam a2200433Ki 4500
001 - CONTROL NUMBER
control field vtls003260910
003 - CONTROL NUMBER IDENTIFIER
control field MY-SjTCS
005 - DATE AND TIME OF LATEST TRANSACTION
control field 20200508124947.0
006 - FIXED-LENGTH DATA ELEMENTS--ADDITIONAL MATERIAL CHARACTERISTICS
fixed length control field m o d
007 - PHYSICAL DESCRIPTION FIXED FIELD--GENERAL INFORMATION
fixed length control field cr cnu---unuuu
008 - FIXED-LENGTH DATA ELEMENTS--GENERAL INFORMATION
fixed length control field 141205s2014 caua ob 001 0 eng d
020 ## - INTERNATIONAL STANDARD BOOK NUMBER
International Standard Book Number 9781597565332 (electronic bk.)
020 ## - INTERNATIONAL STANDARD BOOK NUMBER
International Standard Book Number 1597565334 (electronic bk.)
020 ## - INTERNATIONAL STANDARD BOOK NUMBER
Canceled/invalid ISBN 9781597565325
020 ## - INTERNATIONAL STANDARD BOOK NUMBER
Canceled/invalid ISBN 1597565326
035 ## - SYSTEM CONTROL NUMBER
System control number (OCoLC)865508916
035 ## - SYSTEM CONTROL NUMBER
System control number ocn865508916
039 #9 - LEVEL OF BIBLIOGRAPHIC CONTROL AND CODING DETAIL [OBSOLETE]
Level of rules in bibliographic description 201809071336
Level of effort used to assign nonsubject heading access points VLOAD
-- 201412051529
-- shuhada
040 ## - CATALOGING SOURCE
Original cataloging agency N$T
Language of cataloging eng
Description conventions rda
-- pn
Transcribing agency N$T
Modifying agency YDXCP
082 04 - DEWEY DECIMAL CLASSIFICATION NUMBER
Classification number 617.5/1059
Edition number 23
100 1# - MAIN ENTRY--PERSONAL NAME
Personal name Pasha, R.,
Relator term author.
245 10 - TITLE STATEMENT
Title Otolaryngology :
Remainder of title head & neck surgery : clinical reference guide /
Statement of responsibility, etc. Raza Pasha, Justin S. Golub.
250 ## - EDITION STATEMENT
Edition statement Fourth edition.
264 #1 - PRODUCTION, PUBLICATION, DISTRIBUTION, MANUFACTURE, AND COPYRIGHT NOTICE
Place of production, publication, distribution, manufacture San Diego, CA :
Name of producer, publisher, distributor, manufacturer Plural Publishing Inc.,
Date of production, publication, distribution, manufacture, or copyright notice [2014]
300 ## - PHYSICAL DESCRIPTION
Extent 1 online resource (xxxi, 754 pages)
336 ## - CONTENT TYPE
Content type term text
Source rdacontent
337 ## - MEDIA TYPE
Media type term computer
Source rdamedia
338 ## - CARRIER TYPE
Carrier type term online resource
Source rdacarrier
500 ## - GENERAL NOTE
General note Includes index.
504 ## - BIBLIOGRAPHY, ETC. NOTE
Bibliography, etc. note Includes bibliographical references and index.
588 ## - SOURCE OF DESCRIPTION NOTE
Source of description note Description based on print version record.
650 #0 - SUBJECT ADDED ENTRY--TOPICAL TERM
Topical term or geographic name entry element Otolaryngology.
9 (RLIN) 27115
650 #0 - SUBJECT ADDED ENTRY--TOPICAL TERM
Topical term or geographic name entry element Head
General subdivision Surgery.
650 #0 - SUBJECT ADDED ENTRY--TOPICAL TERM
Topical term or geographic name entry element Neck
General subdivision Surgery.
655 #4 - INDEX TERM--GENRE/FORM
Genre/form data or focus term Electronic books.
700 1# - ADDED ENTRY--PERSONAL NAME
Personal name Golub, Justin S.,
Relator term author.
776 08 - ADDITIONAL PHYSICAL FORM ENTRY
Relationship information Print version:
Main entry heading Pasha, R., author.
Title Otolaryngology.
Edition Fourth edition
International Standard Book Number 9781597565325
Record control number (DLC) 2013028078
-- (OCoLC)846544090
856 40 - ELECTRONIC LOCATION AND ACCESS
Uniform Resource Identifier https://ezproxy.taylors.edu.my/login?url=http://search.ebscohost.com/login.aspx?direct=true&scope=site&db=nlebk&db=nlabk&AN=675776
Public note An electronic book accessible through the World Wide Web; click to view
Holdings
Withdrawn status Lost status Source of classification or shelving scheme Damaged status Not for loan Home library Current library Date acquired Cost, normal purchase price Total Checkouts Date last seen Price effective from Koha item type Public note
    Dewey Decimal Classification   e-book Taylor's Library-TU Taylor's Library - Perpetual(TU) 21/02/2020 363.00   21/02/2020 21/02/2020 SOM Main Collection SOMxx,33001,03,CL,PPT